| 000 | 00769nam a22002897a 4500 | ||
|---|---|---|---|
| 001 | 0026880 | ||
| 003 | KOHA_MİRAKIL | ||
| 005 | 20260207002541.0 | ||
| 007 | ta | ||
| 008 | 110110b1999 tu |||gr||||#0|||0|tur | | ||
| 020 | _a9753122837 | ||
| 040 |
_aTR-BiSEU _btur _cTR-BiSEU _erda |
||
| 041 | 0 | _atur | |
| 044 | _ctu | ||
| 050 |
_aDR442 _b.K88 1999 |
||
| 100 | 0 | _aKutay,Cemal. | |
| 245 | 1 |
_aYazılmamışTarihimiz 2. Seçmeler/ _cKutay,Cemal ; Kutay,Cemal. |
|
| 264 | 1 |
_aİstanbul : _bAksoy Yayıncılık _c1999 |
|
| 300 | _a158 s. | ||
| 336 |
_ametin _btxt _2rdacontent |
||
| 337 |
_aaracısız _bn _2rdamedia |
||
| 338 |
_acilt _bnc _2rdacarrier |
||
| 650 | 0 |
_aTarih. _91474 |
|
| 650 | 0 |
_aOsmanlı Tarihi. _921962 |
|
| 907 | _aTarih | ||
| 942 |
_2lcc _cBK |
||
| 999 |
_c26816 _d26816 |
||